Statistics for JoJo's Bizarre Adventure - Groups of Things

Click here to take the quiz!

General Stats

  • This quiz has been taken 99 times
    (98 since last reset)
  • The average score is 37 of 71

Answer Stats

Answer% Correct
Joseph Joestar
97%
Jotaro Kujo
95%
Muhammad Avdol
94%
Noriaki Kakyoin
94%
Giorno Giovanna
92%
Jean Pierre Polnareff
92%
Diamond is Unbreakable
91%
Dio Brando
91%
Iggy
91%
Stardust Crusaders
91%
Stone Ocean
91%
Vento Aureo
91%
Jonathan Joestar
89%
Kars
89%
Phantom Blood
89%
Jolyne Cujoh
88%
Narancia Ghirga
88%
Pannacotta Fugo
88%
Diavolo
86%
Enrico Pucci
86%
Jojolion
86%
Yoshikage Kira
86%
Battle Tendency
85%
Funny Valentine
85%
Johnny Joestar
85%
Josuke Higashikata
85%
Steel Ball Run
85%
Bruno Bucciarati
80%
Guido Mista
79%
Leone Abbacchio
77%
Toru
65%
Risotto Nero
59%
Pesci
58%
Anubis
55%
Prosciutto
50%
Melone
47%
Formaggio
44%
Ungalo
44%
Ghiaccio
42%
Gelato
38%
Illuso
38%
Sorbet
35%
Mariah
33%
Alessi
30%
Boingo
30%
N'Doul
30%
Oingo
30%
Pet Shop
30%
Daniel J. D'Arby
26%
Rykiel
24%
Telence T. D'Arby
23%
Rhinoceros beetle
21%
Tamaki Damo
20%
Donatello Versace
18%
Urban Guerrilla
18%
Poor Tom
15%
Yotsuyu Yagiyama
15%
Wu Tomoki
14%
Aisho Dainenjiyama
11%
Jobin Higashikata
11%
Angel
9%
Fig tart
9%
Satoru Akefu
9%
A. Phex Brothers
8%
Giotto
8%
Spiral staircase
8%
Via Dolorosa
8%
Secret emperor
5%
Singularity point
5%
Desolation row
3%
Hydrangea
2%

Score Distribution

Percentile by Number Answered

Percent of People with Each Score

Your Score History

You have not taken this quiz since the last reset